Berufstätigkeit und Wohnsituation von Frauen in der ehemaligen DDR.

Povolanie a spoločenské postavenie žien na vznikajúcom trhu práce. Bytová situácia žien v nových sídliskách veľkých miest. Kvalifikácia žien, zosúladenie ich postavenia v zamestnaní a domácnosti. Migrácia, štruktúrne zmeny v ekonomike a zaťaženosť životného prostredia. Úlohy žien v zmenenej regionál...

Descrizione completa

Salvato in:
Dettagli Bibliografici
Autore principale: Kabisch, S.
Natura: Capitolo di libro
Lingua:tedesco
Soggetti:
Tags: Aggiungi Tag
Nessun Tag, puoi essere il primo ad aggiungerne!!

MARC

LEADER 00000naa a2200000 4500
001 r004432
005 20220819193721.3
041 0 |a ger 
044 |a DE 
245 1 0 |a Berufstätigkeit und Wohnsituation von Frauen in der ehemaligen DDR.  |c S. Kabisch 
520 |a Povolanie a spoločenské postavenie žien na vznikajúcom trhu práce. Bytová situácia žien v nových sídliskách veľkých miest. Kvalifikácia žien, zosúladenie ich postavenia v zamestnaní a domácnosti. Migrácia, štruktúrne zmeny v ekonomike a zaťaženosť životného prostredia. Úlohy žien v zmenenej regionálnej štruktúre. 
610 2 0 |a zamestnanosť 
610 2 0 |a ženy 
610 2 0 |a bývanie 
610 2 0 |a sídliská 
610 2 0 |a kvalifikácia žien 
610 2 0 |a zmeny štruktúrne 
610 2 0 |a migrácia 
610 2 0 |a trh práce 
610 2 0 |a NDR 
610 2 0 |a Nemecko 
610 2 0 |a regióny 
100 1 |a Kabisch, S.